<?xml version="1.0" encoding="UTF-8"?>
<record
    xmlns:xsi="http://www.w3.org/2001/XMLSchema-instance"
    xsi:schemaLocation="http://www.loc.gov/MARC21/slim http://www.loc.gov/standards/marcxml/schema/MARC21slim.xsd"
    xmlns="http://www.loc.gov/MARC21/slim">

  <leader>01007nam a2200217 a 4500</leader>
  <controlfield tag="001">000022295</controlfield>
  <controlfield tag="005">20200930011654.0</controlfield>
  <controlfield tag="008">100922s2003    dr            001 0 spa d</controlfield>
  <datafield tag="020" ind1=" " ind2=" ">
    <subfield code="a">847432971X</subfield>
  </datafield>
  <datafield tag="040" ind1=" " ind2=" ">
    <subfield code="a">DO-SdBNP</subfield>
    <subfield code="b">spa</subfield>
    <subfield code="c">BNPHU</subfield>
  </datafield>
  <datafield tag="082" ind1=" " ind2=" ">
    <subfield code="a">xxxx</subfield>
    <subfield code="b">T128n</subfield>
  </datafield>
  <datafield tag="100" ind1="1" ind2=" ">
    <subfield code="a">Taguieff, Pierre Andr&#xE9;s</subfield>
    <subfield code="9">46054</subfield>
  </datafield>
  <datafield tag="240" ind1="1" ind2="0">
    <subfield code="a">La nouvelle jud&#xE9;ophobie</subfield>
    <subfield code="l">t&#xED;tulo en franc&#xE9;s</subfield>
  </datafield>
  <datafield tag="245" ind1="1" ind2="3">
    <subfield code="a">La nueva judeofobia /</subfield>
    <subfield code="c">Pierre Andr&#xE9;s Taguieff ; traductor Tom&#xE1;s Fern&#xE1;ndez A&#xFA;z, Beatriz Eguibar.</subfield>
  </datafield>
  <datafield tag="260" ind1=" " ind2=" ">
    <subfield code="a">Barcelona, :</subfield>
    <subfield code="b">Editorial Gedisa,</subfield>
    <subfield code="c">2003.</subfield>
  </datafield>
  <datafield tag="300" ind1=" " ind2=" ">
    <subfield code="a">254 p. ;</subfield>
    <subfield code="c">23 cm.</subfield>
  </datafield>
  <datafield tag="505" ind1="2" ind2=" ">
    <subfield code="a">Pr&#xF3;logo -- Recorridos en el paisaje: los actores de la judeofobia contempor&#xE1;nea -- Israelofobia y palestinofobia; los senderos del odio -- El nuevo antisemitismo : construcci&#xF3;n, contenido, funcionamiento y matamorfosis. Hacia la islencios sobre la nuea judeofobia : &#xBF;ceguera, complacencia o connivencia?</subfield>
  </datafield>
  <datafield tag="700" ind1="1" ind2=" ">
    <subfield code="a">Fern&#xE1;ndez A&#xFA;z, Tom&#xE1;s</subfield>
    <subfield code="e">tr.</subfield>
    <subfield code="9">11358</subfield>
  </datafield>
  <datafield tag="700" ind1="1" ind2=" ">
    <subfield code="a">Eguibar, Beatriz</subfield>
    <subfield code="e">tr.</subfield>
    <subfield code="9">11359</subfield>
  </datafield>
  <datafield tag="049" ind1=" " ind2=" ">
    <subfield code="a">BNPD</subfield>
  </datafield>
  <datafield tag="952" ind1=" " ind2=" ">
    <subfield code="0">0</subfield>
    <subfield code="1">0</subfield>
    <subfield code="7">1</subfield>
    <subfield code="8">PD</subfield>
    <subfield code="a">PD</subfield>
    <subfield code="b">PD</subfield>
    <subfield code="c">CT</subfield>
    <subfield code="d">2010-09-22</subfield>
    <subfield code="i">LF1</subfield>
    <subfield code="l">0</subfield>
    <subfield code="o">xxxx T128n</subfield>
    <subfield code="p">22295-10</subfield>
    <subfield code="r">2020-06-25</subfield>
    <subfield code="w">2020-06-25</subfield>
    <subfield code="y">LFPD</subfield>
    <subfield code="Z">No se presta</subfield>
  </datafield>
  <datafield tag="999" ind1=" " ind2=" ">
    <subfield code="c">21793</subfield>
    <subfield code="d">21793</subfield>
  </datafield>
</record>
